30 Most Powerful Militaries on a Map - Statistics

General Stats
  • This quiz has been taken 149 times
  • The average score is 27 of 30
Answers on the Map
Answers color-coded by a green-red scale on the quiz's map according to % correct below.
 
Answer Stats
ranking Answer % Correct
3 China
100%
6 France
100%
15 Germany
100%
4 India
100%
2 Russia
100%
8 United Kingdom
100%
9 Brazil
98%
12 Italy
98%
1 United States
98%
18 Spain
97%
21 Canada
96%
5 Japan
96%
11 Turkey
96%
19 Australia
95%
14 Iran
95%
17 Saudi Arabia
95%
13 Egypt
94%
28 North Korea
94%
7 South Korea
94%
25 Ukraine
94%
10 Pakistan
93%
23 Poland
91%
16 Indonesia
90%
20 Israel
82%
26 Thailand
82%
24 Vietnam
74%
27 Algeria
67%
29 Greece
66%
22 Taiwan
60%
30 Switzerland
35%
No matching quizzes found
Score Distribution
Percent of People with Each Score
Percentile by Number Answered
Your Score History
You have not taken this quiz